00615 a2200181 450000500170000001000130001702000260003003500130005603700090006908200080007824500610008626000450014727000360019230000210022894200270024999900190027695201380029520240528150130.0 aB-759220 a9788119099870c125.00 aB-759220 bGift a920 aFamous Illustrated Tales of Indian Sportspersons Women/ aNoidabMaple Press Private Limitedc2024 aA-62 Sector-58 bNoidae201301 a72 p.c22 cm(Pb) adplcCH2ddch920mFAM c203333d203333 001040708FICaAVbAVd2024-05-28eGift/28.5.24g125.00l0o920 FAMpB-759220r2024-05-28 00:00:00t1v125.00w2024-05-28yCHzGift